Sports Quiz

Random Sports or NFL Quiz

2014 All-Pro 1st Team Quiz Stats

Quiz not verified by Sporcle

Challenge
Share
Tweet
Embed
Score 0/27 Timer 10:00
0 Plays Today
Hint Answer % Correct
QB (Green Bay Packers)Aaron Rodgers
100%
RB (Dallas Cowboys)DeMarco Murray
100%
RB (Pittsburgh Steelers)Le'Veon Bell
98.9%
WR (Dallas Cowboys)Dez Bryant
98.9%
TE (New England Patriots)Rob Gronkowski
98.9%
WR (Pittsburgh Steelers)Antonio Brown
97.8%
DE (Houston Texans)J.J. Watt
95.7%
DT (Detroit Lions)Ndamukong Suh
95.7%
ILB (Carolina Panthers)Luke Kuechly
95.7%
CB (Seattle Seahawks)Richard Sherman
95.7%
T (Cleveland Browns)Joe Thomas
94.6%
S (Seattle Seahawks)Earl Thomas
94.6%
DE (Buffalo Bills)Mario Williams
92.5%
CB (New England Patriots)Darrelle Revis
92.5%
Hint Answer % Correct
OLB (Kansas City Chiefs)Justin Houston
90.3%
FB (Green Bay Packers)John Kuhn
89.2%
C (Pittsburgh Steelers)Maurkice Pouncey
83.9%
S (San Diego Chargers)Eric Weddle
81.7%
K (Indianapolis Colts)Adam Vinatieri
81.7%
G (Dallas Cowboys)Zack Martin
72%
ILB (Seattle Seahawks)Bobby Wagner
72%
T (Dallas Cowboys)Tyron Smith
71%
G (Baltimore Ravens)Marshal Yanda
67.7%
KR/PR (Cincinnati Bengals)Adam 'Pacman' Jones
66.7%
DT (Buffalo Bills)Marcell Dareus
64.5%
OLB (Baltimore Ravens)Elvis Dumervil
64.5%
P (Indianapolis Colts)Pat McAfee
62.4%

You're not logged in!

Compare scores with friends on all Sporcle quizzes.
Sign Up with Email
OR
Log In

You Might Also Like...

Show Comments

Extras

Top Quizzes Today


Score Distribution

Your Account Isn't Verified!

In order to create a playlist on Sporcle, you need to verify the email address you used during registration. Go to your Sporcle Settings to finish the process.

Report this User

Report this user for behavior that violates our Community Guidelines.

Details: